00844cam a22002411i 450000100060000000300080000600500170001400800410003103500190007204000340009104100080012508200200013310000250015324501040017826000370028230000250031950400410034465000280038565000210041394200120043499900170044695201390046329253BD-RjUL20211209051405.0140403s1963 enk 000 0 eng d a(BD-RjUL)29338 aDLCcNmLcUdDLCdBD-RjULbeng aeng00a158.1bSAW 19631 aSadhu, Mouni.98929510aWays to self-realization :ba modern evaluation of occultism and spiritual paths /cby Mouni Sadhu. aNew York :bJulian Press,c1963. axi, 242 p. ;c24 cm. aIncludes bibliographical references. 0aSelf-realization.95680 0aOccultism.93332 2ddccBK c29253d29253 00102ddc40728NFICaRUCLbRUCLcReadingd1989-08-27eZeitlingerg25.00l0o158.1 SAW 1963r2014-04-03 00:00:00tC-1w2014-04-03yBK